[Event "4NCL"]
[Site "De Vere, Wokefield Park, ENG"]
[Date "2011.02.20"]
[Round "6.17"]
[White "Piper, Matthew S"]
[Black "Rawlinson, Aidan M"]
[Result "1/2-1/2"]
[WhiteElo "2341"]
[BlackElo "2183"]
[PlyCount "63"]
[EventDate "2011.??.??"]
[WhiteTeam "Barbican 4NCL 2"]
[BlackTeam "Oxford 1"]

1. e4 c5 2. Nf3 e6 3. b3 a6 4. Bb2 Nc6 5. g3 d6 6. d4 cxd4 7. Nxd4 Bd7 8. Bg2
Nf6 9. O-O Be7 10. c4 O-O 11. Nc3 Nxd4 12. Qxd4 Qc7 13. Rac1 Rac8 14. Rfd1 Rfd8
15. h3 Ne8 16. Qd2 Bf6 17. Kh1 b6 18. f4 Bc6 19. Nd5 Qb7 20. Nxf6+ Nxf6 21.
Bxf6 gxf6 22. Qe2 Kf8 23. Rd2 Ke7 24. Rcd1 b5 25. Kh2 bxc4 26. Qxc4 Qb5 27. Qd4
Qc5 28. Qxc5 dxc5 29. Kg1 Rxd2 30. Rxd2 a5 31. Rc2 Bd7 32. Kf2 1/2-1/2

[Event "4NCL"]
[Site "De Vere, Wokefield Park, ENG"]
[Date "2011.02.20"]
[Round "6.17"]
[White "Dickinson, Tim R"]
[Black "Dorrington, Chris J"]
[Result "0-1"]
[WhiteElo "2155"]
[BlackElo "2263"]
[PlyCount "50"]
[EventDate "2011.??.??"]
[WhiteTeam "Oxford 1"]
[BlackTeam "Barbican 4NCL 2"]

1. e4 c5 2. c3 e6 3. d4 d5 4. Nd2 cxd4 5. cxd4 dxe4 6. Nxe4 Nf6 7. Bd3 Bb4+ 8.
Nc3 O-O 9. Nf3 Nc6 10. O-O h6 11. Bc2 Bd6 12. a3 e5 13. dxe5 Nxe5 14. Bf4 Nxf3+
15. Qxf3 Bg4 16. Qg3 Bxf4 17. Qxf4 Qb8 18. Qxb8 Raxb8 19. Rfe1 Rfd8 20. Ne4
Nxe4 21. Rxe4 Be6 22. Re3 Rbc8 23. Bd3 Rd4 24. Kf1 Kf8 25. Ke2 b6 0-1

[Event "4NCL"]
[Site "De Vere, Wokefield Park, ENG"]
[Date "2011.02.20"]
[Round "6.17"]
[White "Coleman, David J"]
[Black "Coleman, James"]
[Result "1-0"]
[WhiteElo "2258"]
[BlackElo "2136"]
[PlyCount "77"]
[EventDate "2011.??.??"]
[WhiteTeam "Barbican 4NCL 2"]
[BlackTeam "Oxford 1"]

1. e4 e5 2. d4 exd4 3. Qxd4 Nc6 4. Qe3 Nf6 5. Nc3 Bb4 6. Bd2 O-O 7. O-O-O Re8
8. Qg3 Rxe4 9. a3 Ba5 10. Be2 Nd4 11. Bd3 Nh5 12. Qh3 Rh4 13. Qe3 Bb6 14. Qe1
Nf4 15. Bxf4 Rxf4 16. Nd5 Rh4 17. f4 Rh6 18. f5 c6 19. Nxb6 axb6 20. Qe3 c5 21.
Re1 Kf8 22. g4 d5 23. h4 Bd7 24. h5 Bb5 25. Bxb5 Nxb5 26. g5 d4 27. Qg3 d3 28.
cxd3 Rd6 29. h6 Rxd3 30. hxg7+ Kxg7 31. Qh4 Qg8 32. Qe4 Rd6 33. Qe5+ f6 34.
gxf6+ Rxf6 35. Ne2 Qc4+ 36. Nc3 Nxc3 37. Reg1+ Kf7 38. Rxh7+ Kf8 39. Qxf6+ 1-0

[Event "4NCL"]
[Site "De Vere, Wokefield Park, ENG"]
[Date "2011.02.20"]
[Round "6.17"]
[White "Tidman, Sophie E"]
[Black "Regan, Natasha K"]
[Result "1-0"]
[WhiteElo "2109"]
[BlackElo "2134"]
[PlyCount "97"]
[EventDate "2011.??.??"]
[WhiteTeam "Oxford 1"]
[BlackTeam "Barbican 4NCL 2"]

1. e4 Nf6 2. e5 Nd5 3. Nc3 Nxc3 4. dxc3 d6 5. Bf4 Nc6 6. Bb5 a6 7. Bxc6+ bxc6
8. Qf3 Rb8 9. O-O-O c5 10. c4 Qd7 11. b3 a5 12. Ne2 a4 13. Nc3 axb3 14. axb3
Bb7 15. Qg3 h6 16. Nb5 Ra8 17. Qc3 c6 18. exd6 cxb5 19. dxe7 Qxe7 20. Rhe1 Be4
21. f3 b4 22. Qb2 f5 23. fxe4 fxe4 24. Rd5 Kf7 25. Rf5+ Kg6 26. Rd5 Kh7 27. Qe5
Qxe5 28. Bxe5 Be7 29. Rxe4 Rhf8 30. Kd1 Rf1+ 31. Ke2 Raf8 32. Bg3 Bg5 33. h4
Rg1 34. hxg5 Rxg2+ 35. Ke1 Rxg3 36. gxh6 Rg1+ 37. Kd2 Kxh6 38. Re6+ g6 39. Rxc5
Rff1 40. Re2 Rd1+ 41. Ke3 g5 42. Rd5 Rdf1 43. Kd4 Rf7 44. Kc5 Kh5 45. Kxb4 Kg4
46. Rd3 Rgf1 47. Rg2+ Kf4 48. Rd4+ Kf5 49. Rd5+ 1-0

[Event "4NCL"]
[Site "De Vere, Wokefield Park, ENG"]
[Date "2011.02.20"]
[Round "6.18"]
[White "Rendle, Thomas E"]
[Black "Slavin, Alexei"]
[Result "1/2-1/2"]
[WhiteElo "2391"]
[BlackElo "2417"]
[PlyCount "41"]
[EventDate "2011.??.??"]
[WhiteTeam "Sambuca Sharks"]
[BlackTeam "e2e4.org.uk 1"]

1. e4 c5 2. Nc3 Nc6 3. Bb5 Nd4 4. Bc4 g6 5. Nf3 Bg7 6. Nxd4 cxd4 7. Qf3 e6 8.
Nb5 d6 9. Qa3 Ke7 10. c3 dxc3 11. dxc3 a6 12. Nd4 Qc7 13. Bd3 e5 14. Ne2 Bg4
15. f3 Be6 16. Bg5+ Nf6 17. f4 h6 18. Bh4 g5 19. fxg5 hxg5 20. Bxg5 Bh6 21.
Bxh6 1/2-1/2

[Event "4NCL"]
[Site "De Vere, Wokefield Park, ENG"]
[Date "2011.02.20"]
[Round "6.18"]
[White "Zhou, Yang-Fan"]
[Black "Roberson, Peter T"]
[Result "1-0"]
[WhiteElo "2325"]
[BlackElo "2274"]
[PlyCount "69"]
[EventDate "2011.??.??"]
[WhiteTeam "e2e4.org.uk 1"]
[BlackTeam "Sambuca Sharks"]

1. e4 e6 2. d4 d5 3. e5 c5 4. c3 Nc6 5. Nf3 Bd7 6. a3 Nge7 7. b4 cxd4 8. cxd4
Nf5 9. Nc3 Be7 10. Bb2 O-O 11. Bd3 Nh4 12. Nxh4 Bxh4 13. O-O f5 14. Rc1 a5 15.
b5 Na7 16. a4 Nc8 17. Ba3 Be7 18. Qb3 Bxa3 19. Qxa3 Qe7 20. Qc5 b6 21. Qc7 Rd8
22. Bxf5 Ra7 23. Qb8 exf5 24. Nxd5 Qf7 25. Nxb6 Be6 26. d5 Rb7 27. dxe6 Rxb8
28. exf7+ Kxf7 29. Nxc8 Rbxc8 30. Rxc8 Rxc8 31. Rb1 Ke6 32. f4 Kd7 33. Rd1+ Ke7
34. b6 Rc4 35. Rb1 1-0

[Event "4NCL"]
[Site "De Vere, Wokefield Park, ENG"]
[Date "2011.02.20"]
[Round "6.18"]
[White "Wu, Li"]
[Black "Livner, Anders"]
[Result "1/2-1/2"]
[WhiteElo "2344"]
[BlackElo "2326"]
[PlyCount "47"]
[EventDate "2011.??.??"]
[WhiteTeam "Sambuca Sharks"]
[BlackTeam "e2e4.org.uk 1"]

1. Nf3 c5 2. g3 Nc6 3. Bg2 g6 4. O-O Bg7 5. d3 e6 6. e4 d6 7. Nbd2 Nge7 8. Re1
O-O 9. Nf1 e5 10. c3 h6 11. a3 a5 12. a4 Kh7 13. Ne3 Rb8 14. Nd2 f5 15. Ndc4 b6
16. Na3 Na7 17. Nec4 Qc7 18. h4 Bb7 19. h5 g5 20. Ne3 Rbd8 21. Nac4 Nac8 22.
Qe2 f4 23. Nf1 Ng8 24. Nh2 1/2-1/2

[Event "4NCL"]
[Site "De Vere, Wokefield Park, ENG"]
[Date "2011.02.20"]
[Round "6.18"]
[White "Byron, Alan M"]
[Black "Adair, James"]
[Result "1-0"]
[WhiteElo "2192"]
[BlackElo "2212"]
[PlyCount "89"]
[EventDate "2011.??.??"]
[WhiteTeam "e2e4.org.uk 1"]
[BlackTeam "Sambuca Sharks"]

1. c4 Nf6 2. g3 e6 3. Bg2 d5 4. Nf3 Be7 5. O-O O-O 6. b3 b6 7. Bb2 Bb7 8. d4
dxc4 9. bxc4 c5 10. e3 Nbd7 11. Nbd2 Qc7 12. Rc1 Rfd8 13. Qc2 Rac8 14. Qb1 Qb8
15. Rfd1 Qa8 16. Nh4 Bxg2 17. Nxg2 Rc7 18. Nf4 Rdc8 19. Qd3 cxd4 20. exd4 Bb4
21. Nf1 Bd6 22. Ne2 Qe4 23. Qxe4 Nxe4 24. Ne3 Bb4 25. Rc2 Bd2 26. Rcxd2 Nxd2
27. Rxd2 Nf6 28. f3 Kf8 29. Nc3 a6 30. Ne4 Ne8 31. Kf2 Rd7 32. Ke2 h6 33. Ba3+
Kg8 34. c5 b5 35. Bb4 f5 36. Nf2 Nf6 37. Bc3 g5 38. Nd3 g4 39. Ne5 gxf3+ 40.
Kxf3 Rdd8 41. Ba5 Re8 42. c6 Ne4 43. Rc2 Ng5+ 44. Kg2 Nf7 45. c7 1-0

[Event "4NCL"]
[Site "De Vere, Wokefield Park, ENG"]
[Date "2011.02.20"]
[Round "6.18"]
[White "Williams, Samuel G"]
[Black "Jackson, James P"]
[Result "1-0"]
[WhiteElo "2190"]
[BlackElo "2146"]
[PlyCount "107"]
[EventDate "2011.??.??"]
[WhiteTeam "Sambuca Sharks"]
[BlackTeam "e2e4.org.uk 1"]

1. d4 Nf6 2. c4 Nc6 3. Nf3 e6 4. Nc3 Bb4 5. Qc2 d6 6. Bd2 O-O 7. a3 Bxc3 8.
Bxc3 Qe7 9. e3 e5 10. d5 Nb8 11. Bd3 Nbd7 12. Nd2 Re8 13. e4 a6 14. O-O Nh5 15.
g3 Qg5 16. Kh1 Qh6 17. Nf3 Nc5 18. Bd2 Qf6 19. Ng1 Bh3 20. Nxh3 Qf3+ 21. Kg1 h6
22. Be3 Nxd3 23. Qxd3 Nf4 24. Nxf4 exf4 25. Qd1 Qxd1 26. Rfxd1 fxe3 27. f3 f5
28. exf5 Kf7 29. Rd3 Re5 30. g4 Rae8 31. Re1 h5 32. h3 Kf6 33. Re2 Kg5 34. Kg2
h4 35. b3 b5 36. Rd4 Kf6 37. f4 R5e7 38. Kf3 bxc4 39. Rxc4 Rb8 40. Rc3 Rb5 41.
Rd3 Re8 42. Rexe3 Reb8 43. Ke4 a5 44. g5+ Kf7 45. Kf3 R8b6 46. Kg4 c6 47. dxc6
Rxc6 48. Re6 Rcb6 49. Rde3 Rb8 50. Rxd6 Rxb3 51. g6+ Kf8 52. Rxb3 Rxb3 53. Rd8+
Ke7 54. Rg8 1-0

[Event "4NCL"]
[Site "De Vere, Wokefield Park, ENG"]
[Date "2011.02.20"]
[Round "6.18"]
[White "Josse, Mark"]
[Black "Russell, Christopher"]
[Result "1-0"]
[WhiteElo "2159"]
[BlackElo "2086"]
[PlyCount "63"]
[EventDate "2011.??.??"]
[WhiteTeam "e2e4.org.uk 1"]
[BlackTeam "Sambuca Sharks"]

1. Nf3 e6 2. d4 f5 3. d5 Bd6 4. Nc3 Nf6 5. e4 fxe4 6. Ng5 O-O 7. dxe6 dxe6 8.
Bc4 Qe8 9. Qe2 h6 10. Ngxe4 Nc6 11. Be3 Ne5 12. Nxf6+ Rxf6 13. Bb3 Rg6 14. f4
Nf7 15. g4 Qc6 16. O-O-O Bb4 17. Bd2 a5 18. a3 Bf8 19. h4 a4 20. Ba2 e5 21. f5
Rd6 22. Qxe5 Bd7 23. g5 g6 24. fxg6 Rxg6 25. gxh6 Re8 26. h7+ Kxh7 27. Qh5+ Kg7
28. Rhg1 Re5 29. Rxg6+ Qxg6 30. Qxg6+ Kxg6 31. Rg1+ Kf6 32. Nd5+ 1-0

[Event "4NCL"]
[Site "De Vere, Wokefield Park, ENG"]
[Date "2011.02.20"]
[Round "6.18"]
[White "Varnam, Liam D"]
[Black "Almond, Richard J"]
[Result "0-1"]
[WhiteElo "2112"]
[BlackElo "2145"]
[PlyCount "42"]
[EventDate "2011.??.??"]
[WhiteTeam "Sambuca Sharks"]
[BlackTeam "e2e4.org.uk 1"]

1. e4 d5 2. exd5 Qxd5 3. c4 Qa5 4. b3 Qe5+ 5. Ne2 Qxa1 6. Nec3 Nc6 7. Na3 Bf5
8. Nab5 O-O-O 9. g4 Bg6 10. Bg2 Bd3 11. Bxc6 bxc6 12. Nxa7+ Kb7 13. Nxc6 Kxc6
14. f4 e5 15. fxe5 Kb6 16. Kf2 Bc5+ 17. Kg3 Bd4 18. b4 Bxe5+ 19. Kh3 Bxc4 20.
Na4+ Ka7 21. Nc5 Qxa2 0-1

[Event "4NCL"]
[Site "De Vere, Staverton Park, ENG"]
[Date "2011.03.26"]
[Round "7.11"]
[White "Thomas, Nicholas"]
[Black "Howell, David W L"]
[Result "0-1"]
[WhiteElo "2286"]
[BlackElo "2612"]
[PlyCount "80"]
[EventDate "2011.??.??"]
[WhiteTeam "Warwickshire Select 1"]
[BlackTeam "Pride & Prejudice"]

1. e4 e5 2. Nf3 Nc6 3. Bc4 Bc5 4. O-O d6 5. c3 Bb6 6. b4 Nf6 7. a4 a5 8. b5 Ne7
9. d3 O-O 10. Nbd2 Ng6 11. Bb3 d5 12. Ba3 Re8 13. c4 dxe4 14. Nxe4 Nxe4 15.
dxe4 Qf6 16. c5 Ba7 17. Qd2 Nf4 18. Qe3 Bh3 19. Ne1 Qg6 20. Qf3 Rad8 21. Bd5 c6
22. bxc6 bxc6 23. Bc4 Rd4 24. Rc1 Bg4 25. Qb3 Rb8 26. Qa2 Rxc4 27. Rxc4 Bf3 28.
Rc3 Ne2+ 29. Kh1 Nxc3 30. Qc2 Be2 31. Rg1 Nb1 32. Bb2 Ba6 33. Qxb1 Bxc5 34. Qc2
Qd6 35. Nf3 Bd3 36. Qc3 Bb4 37. Qxe5 Qxe5 38. Nxe5 Bxe4 39. f3 Bd5 40. Nd3 Bf8
0-1

[Event "4NCL"]
[Site "De Vere, Staverton Park, ENG"]
[Date "2011.03.26"]
[Round "7.11"]
[White "Hebden, Mark L"]
[Black "Hainke, Guntram"]
[Result "0-1"]
[WhiteElo "2546"]
[BlackElo "2295"]
[PlyCount "110"]
[EventDate "2011.??.??"]
[WhiteTeam "Pride & Prejudice"]
[BlackTeam "Warwickshire Select 1"]

1. d4 e6 2. Nf3 Nf6 3. c3 b6 4. Bg5 Be7 5. Nbd2 Bb7 6. e3 h6 7. Bh4 Ne4 8. Bxe7
Qxe7 9. Nxe4 Bxe4 10. Bd3 Bxd3 11. Qxd3 d6 12. O-O-O Nd7 13. e4 a6 14. Nd2 b5
15. Nf1 c5 16. Ne3 c4 17. Qd2 Nb6 18. f4 O-O-O 19. d5 Na4 20. Qd4 e5 21. fxe5
dxe5 22. d6 exd4 23. dxe7 Rd7 24. cxd4 Rxe7 25. Nf5 Rd7 26. e5 Kc7 27. Rhf1 g6
28. Ng3 c3 29. bxc3 Nxc3 30. Rd2 Rc8 31. Kc2 Kd8 32. Kb3 Rdc7 33. a3 a5 34. Rf3
b4 35. axb4 a4+ 36. Kb2 Rc4 37. Rxc3 Rxc3 38. Ne4 Rb3+ 39. Ka2 Rxb4 40. Nd6 Rc7
41. d5 Rd7 42. Rf2 Rxd6 43. exd6 f5 44. Ka3 Re4 45. Rb2 Kd7 46. Rb7+ Kxd6 47.
Rb6+ Kxd5 48. Rxg6 Rg4 49. Rxh6 Rxg2 50. Kxa4 f4 51. h4 f3 52. h5 f2 53. Rf6
Ke5 54. Rf8 Rg4+ 55. Kb3 Rf4 0-1

[Event "4NCL"]
[Site "De Vere, Staverton Park, ENG"]
[Date "2011.03.26"]
[Round "7.11"]
[White "Mason, Donald J"]
[Black "Rowson, Jonathan W"]
[Result "0-1"]
[WhiteElo "2255"]
[BlackElo "2576"]
[PlyCount "58"]
[EventDate "2011.??.??"]
[WhiteTeam "Warwickshire Select 1"]
[BlackTeam "Pride & Prejudice"]

1. e4 c5 2. Nf3 e6 3. Nc3 a6 4. d4 cxd4 5. Nxd4 Qc7 6. g3 Bb4 7. Nde2 Nf6 8.
Bg2 Be7 9. O-O d6 10. h3 h5 11. Bg5 Nc6 12. a4 b6 13. Nf4 Bb7 14. Bxf6 Bxf6 15.
Nxh5 Bxc3 16. bxc3 O-O-O 17. Nf4 Ne5 18. Rb1 d5 19. exd5 g5 20. Nd3 Rxd5 21.
Qe2 Rxh3 22. Bxh3 Rxd3 23. cxd3 Nf3+ 24. Kh1 Nd4+ 25. Qe4 Bxe4+ 26. dxe4 Nf3
27. Rb4 a5 28. Rb5 Qc4 29. Bg2 g4 0-1

[Event "4NCL"]
[Site "De Vere, Staverton Park, ENG"]
[Date "2011.03.26"]
[Round "7.11"]
[White "Emms, John M"]
[Black "Hynes, AM (Tony)"]
[Result "1-0"]
[WhiteElo "2475"]
[BlackElo "2190"]
[PlyCount "73"]
[EventDate "2011.??.??"]
[WhiteTeam "Pride & Prejudice"]
[BlackTeam "Warwickshire Select 1"]

1. e4 c5 2. Nf3 d6 3. d4 cxd4 4. Nxd4 Nf6 5. Nc3 Nc6 6. Bc4 e6 7. O-O Be7 8.
Be3 a6 9. a4 Qc7 10. Qe2 Bd7 11. Kh1 O-O 12. f4 Na5 13. Ba2 Rac8 14. Rad1 Nc4
15. Bc1 Qc5 16. e5 dxe5 17. fxe5 Nd5 18. Nxd5 exd5 19. c3 Qb6 20. Rd3 Qg6 21.
Rg3 Qe4 22. Qxe4 dxe4 23. Bh6 g6 24. Bxf8 Bxf8 25. Bxc4 Rxc4 26. Re3 Rxa4 27.
Rxe4 Bh6 28. Re2 Ra5 29. Ref2 Rxe5 30. Rxf7 Rd5 31. h3 b5 32. R7f6 Bg7 33. Rxa6
Bxd4 34. Rd1 Re5 35. cxd4 Re2 36. d5 Rxb2 37. Ra7 1-0

[Event "4NCL"]
[Site "De Vere, Staverton Park, ENG"]
[Date "2011.03.26"]
[Round "7.11"]
[White "Pitcher, John"]
[Black "Ward, Chris G"]
[Result "0-1"]
[WhiteElo "2217"]
[BlackElo "2449"]
[PlyCount "50"]
[EventDate "2011.??.??"]
[WhiteTeam "Warwickshire Select 1"]
[BlackTeam "Pride & Prejudice"]

1. e4 c5 2. Nc3 g6 3. f4 Nc6 4. Nf3 Bg7 5. Bb5 Nd4 6. O-O a6 7. Bc4 e6 8. a3
Ne7 9. d3 d5 10. Ba2 dxe4 11. Nxe4 b6 12. Ne5 O-O 13. c3 Ndf5 14. Qe2 Nd5 15.
Bd2 Bb7 16. Rae1 Qc7 17. Ng5 Rae8 18. Qg4 f6 19. Nxh7 Kxh7 20. Nxg6 Rg8 21.
Rxe6 Nh6 22. Qe2 Qf7 23. Bxd5 Bxd5 24. Rxe8 Rxe8 25. Qh5 f5 0-1

[Event "4NCL"]
[Site "De Vere, Staverton Park, ENG"]
[Date "2011.03.26"]
[Round "7.11"]
[White "Summerscale, Aaron P"]
[Black "Weaving, Richard"]
[Result "1/2-1/2"]
[WhiteElo "2437"]
[BlackElo "2027"]
[PlyCount "140"]
[EventDate "2011.??.??"]
[WhiteTeam "Pride & Prejudice"]
[BlackTeam "Warwickshire Select 1"]

1. d4 d5 2. c4 e6 3. Nc3 Nf6 4. cxd5 exd5 5. Bg5 c6 6. Qc2 Na6 7. a3 Be7 8. e3
Nc7 9. Bd3 Ne6 10. Bh4 g6 11. Nge2 Ng7 12. f3 Bf5 13. e4 dxe4 14. fxe4 Be6 15.
O-O Ng4 16. Bxe7 Qxe7 17. Qd2 Qc7 18. e5 h5 19. h3 Nh6 20. Ne4 Nhf5 21. Nf6+
Kf8 22. g4 hxg4 23. hxg4 Ne7 24. Nf4 Rd8 25. Bxg6 Qxe5 26. dxe5 Rxd2 27. Nxe6+
Nxe6 28. Ne4 Rd4 29. Bxf7 Rxe4 30. Bxe6+ Ke8 31. Rae1 Rd4 32. Rd1 Rxd1 33. Rxd1
Ng6 34. Bf5 Nh4 35. Bc8 Rh7 36. Kf2 Rc7 37. Kg3 Ng6 38. Bf5 Nxe5 39. Re1 Re7
40. Re4 Nf7 41. Kf4 Rxe4+ 42. Bxe4 Ke7 43. g5 Nd6 44. Bd3 Ke6 45. Bb1 c5 46.
Ba2+ c4 47. a4 b6 48. g6 Kf6 49. Bb1 Nb7 50. Ke3 Nc5 51. Bc2 Ne6 52. Kd2 a6 53.
Kc3 b5 54. axb5 axb5 55. Kb4 Nd4 56. Bb1 Ne2 57. Kxb5 c3 58. b4 Nd4+ 59. Kc5 c2
60. Bxc2 Nxc2 61. b5 Ne1 62. Kc4 Nf3 63. Kd5 Ne1 64. Ke4 Nc2 65. Kd3 Ne1+ 66.
Kc4 Nf3 67. Kd5 Ne1 68. b6 Nd3 69. Kd6 Nb4 70. b7 Na6 1/2-1/2

[Event "4NCL"]
[Site "De Vere, Staverton Park, ENG"]
[Date "2011.03.26"]
[Round "7.11"]
[White "Baruch, Andrew JD"]
[Black "Sahl, Sheila"]
[Result "0-1"]
[WhiteElo "2089"]
[BlackElo "2173"]
[PlyCount "47"]
[EventDate "2011.??.??"]
[WhiteTeam "Warwickshire Select 1"]
[BlackTeam "Pride & Prejudice"]

1. c4 e5 2. g3 Nf6 3. Bg2 c6 4. d4 exd4 5. Qxd4 d5 6. Nf3 Be6 7. Ng5 Nbd7 8.
cxd5 cxd5 9. O-O Bc5 10. Qh4 h6 11. Nxe6 fxe6 12. Nc3 O-O 13. b4 Bd6 14. Bb2
Qb6 15. a3 Rac8 16. Rac1 Be5 17. e3 Rc4 18. Nxd5 exd5 19. Bxd5+ Kh7 20. Rxc4
Nxd5 21. Bd4 Qd6 22. Rfc1 Bxd4 23. exd4 N7f6 24. Rc8 0-1

[Event "4NCL"]
[Site "De Vere, Staverton Park, ENG"]
[Date "2011.03.26"]
[Round "7.11"]
[White "Kilpatrick, Callum"]
[Black "Stepanyan, Astghik"]
[Result "1-0"]
[WhiteElo "2247"]
[BlackElo "1823"]
[PlyCount "61"]
[EventDate "2011.??.??"]
[WhiteTeam "Pride & Prejudice"]
[BlackTeam "Warwickshire Select 1"]

1. e4 c5 2. Nf3 Nc6 3. Bb5 d6 4. O-O $1 Nf6 5. Re1 e5 6. c3 Bg4 7. h3 Bd7 8. d4
Qc7 9. d5 Ne7 10. Bd3 b5 11. a4 Qa5 12. Na3 a6 13. axb5 Nc8 14. bxa6 Be7 15.
Be3 O-O $1 16. b4 cxb4 17. Nc4 Qc7 18. cxb4 Bb5 19. Nb2 Qb8 20. a7 Qb7 21. Bxb5
Qxb5 22. Qc2 Qb7 23. Nc4 Nxa7 24. Na5 Qd7 25. Bxa7 Rxa7 26. Nc6 Rxa1 27. Rxa1
Bd8 28. Ra7 Qc8 29. Ng5 h6 30. Nxf7 Nxe4 31. Nfxd8 1-0

[Event "4NCL"]
[Site "De Vere, Staverton Park, ENG"]
[Date "2011.03.26"]
[Round "7.12"]
[White "Hawkins, Jonathan"]
[Black "Parker, Jonathan F"]
[Result "1-0"]
[WhiteElo "2429"]
[BlackElo "2531"]
[PlyCount "101"]
[EventDate "2011.??.??"]
[WhiteTeam "Cheddleton 1"]
[BlackTeam "Barbican 4NCL 1"]

1. d4 d5 2. c4 e6 3. Nf3 Nf6 4. Nc3 Nbd7 5. Bg5 c6 6. e3 Qa5 7. Nd2 Bb4 8. Qc2
c5 9. Nb3 Qa4 10. Bxf6 Nxf6 11. dxc5 Bd7 12. Bd3 dxc4 13. Bxc4 Qc6 14. O-O a6
15. Be2 Bxc5 16. Bf3 Qb6 17. Nxc5 Qxc5 18. Bxb7 Ra7 19. Bf3 O-O 20. Rfd1 Rb8
21. Rd2 Rc7 22. Rad1 h6 23. Qd3 Qb6 24. Ne4 Nd5 25. Qa3 a5 26. Qd6 a4 27. Qxb6
Rxb6 28. Ng3 Bc6 29. Rc1 Rcb7 30. h3 Rb8 31. Rc4 Ne7 32. Bxc6 Nxc6 33. Ne4 a3
34. bxa3 Ra8 35. a4 g5 36. f4 gxf4 37. exf4 Ne7 38. Nc3 h5 39. Rd7 Nf5 40. Rcc7
Rb4 41. Rxf7 Rxf4 42. Kh2 h4 43. Rfd7 Rf8 44. a5 Rf2 45. Nd1 Rxa2 46. Ne3 Rxa5
47. Ng4 Rd5 48. Nh6+ Nxh6 49. Rg7+ Kh8 50. Rh7+ Kg8 51. Rcg7# 1-0

[Event "4NCL"]
[Site "De Vere, Staverton Park, ENG"]
[Date "2011.03.26"]
[Round "7.12"]
[White "Turner, Matthew J"]
[Black "Gormally, Daniel W"]
[Result "0-1"]
[WhiteElo "2517"]
[BlackElo "2494"]
[PlyCount "104"]
[EventDate "2011.??.??"]
[WhiteTeam "Barbican 4NCL 1"]
[BlackTeam "Cheddleton 1"]

1. d4 Nf6 2. c4 e6 3. Nf3 Bb4+ 4. Bd2 Qe7 5. g3 Nc6 6. Bg2 Bxd2+ 7. Nbxd2 d6 8.
O-O O-O 9. e4 e5 10. d5 Nb8 11. b4 a5 12. bxa5 Rxa5 13. Ne1 Bg4 14. f3 Bd7 15.
Nd3 Na6 16. f4 Ra8 17. Qe2 b6 18. h3 Nc5 19. Nxc5 bxc5 20. Nf3 Nh5 21. Rfe1
Nxg3 22. Qf2 Nh5 23. fxe5 dxe5 24. Rf1 f6 25. Nd2 Rxa2 26. Nb3 Rxa1 27. Rxa1
Rxa1+ 28. Nxa1 Nf4 29. Kh2 Qe8 30. Nb3 Qh5 31. Qf3 Qxf3 32. Bxf3 Bxh3 33. Nxc5
Bf1 34. Na6 Bxc4 35. Nxc7 Kf7 36. d6 Ne6 37. Bg4 Nc5 38. d7 Ke7 39. Ne8 Be6 40.
Kh3 Bxd7 41. Bxd7 Kxd7 42. Nxg7 Nxe4 43. Kg4 Ke7 44. Nf5+ Ke6 45. Ng7+ Kf7 46.
Nf5 Ng5 47. Kh5 Nf3 48. Kh6 Nd4 49. Ng3 f5 50. Kxh7 e4 51. Kh6 e3 52. Kg5 Ke6
0-1

[Event "4NCL"]
[Site "De Vere, Staverton Park, ENG"]
[Date "2011.03.26"]
[Round "7.12"]
[White "Arkell, Keith C"]
[Black "Collins, Sam E"]
[Result "1/2-1/2"]
[WhiteElo "2412"]
[BlackElo "2426"]
[PlyCount "141"]
[EventDate "2011.??.??"]
[WhiteTeam "Cheddleton 1"]
[BlackTeam "Barbican 4NCL 1"]

1. d4 d5 2. Nf3 Nf6 3. c4 e6 4. cxd5 exd5 5. Nc3 Be7 6. Bg5 c6 7. e3 Bf5 8.
Bxf6 Bxf6 9. Bd3 Bxd3 10. Qxd3 Be7 11. O-O O-O 12. Rab1 a5 13. Qc2 Nd7 14. a3
Re8 15. b4 axb4 16. axb4 Nb6 17. Nd2 Bd6 18. b5 Re6 19. bxc6 bxc6 20. Rfc1 Ba3
21. Rd1 Bd6 22. Ne2 Qc7 23. g3 h5 24. Rdc1 Ba3 25. Nf4 Rh6 26. Re1 Bd6 27. h4
Re8 28. Qf5 g6 29. Qc2 Kg7 30. Rec1 Rc8 31. Rb3 Rhh8 32. Rc3 Qd7 33. Rb1 Rb8
34. Rcb3 Na8 35. Nf3 Rxb3 36. Rxb3 Rb8 37. Rxb8 Bxb8 38. Nd3 Qf5 39. Kg2 Nc7
40. Nfe5 Qe4+ 41. Kg1 Ne6 42. Qxc6 Bxe5 43. Nxe5 Qb1+ 44. Kg2 Qe4+ 45. Kf1 Qb1+
46. Ke2 Qb2+ 47. Ke1 Qb4+ 48. Kf1 Qb1+ 49. Kg2 Qe4+ 50. Kg1 Qb1+ 51. Kh2 Qf5
52. f3 Qb1 53. Qc3 Qa2+ 54. Kg1 Qb1+ 55. Kg2 Qa2+ 56. Kf1 Qh2 57. Qe1 g5 58.
Qf2 Qh1+ 59. Ke2 f6 60. Nd3 Kh6 61. Ne1 Qh3 62. Qg2 Qf5 63. hxg5+ Nxg5 64. Qh1
Qb1 65. Qg2 Qc1 66. Qh1 Qb2+ 67. Kd3 Qb3+ 68. Kd2 Qb4+ 69. Ke2 Qb2+ 70. Kd3
Qb3+ 71. Kd2 1/2-1/2

[Event "4NCL"]
[Site "De Vere, Staverton Park, ENG"]
[Date "2011.03.26"]
[Round "7.12"]
[White "Devereaux, Maxim L"]
[Black "Bellin, Robert"]
[Result "1-0"]
[WhiteElo "2385"]
[BlackElo "2362"]
[PlyCount "90"]
[EventDate "2011.??.??"]
[WhiteTeam "Barbican 4NCL 1"]
[BlackTeam "Cheddleton 1"]

1. d4 e6 2. Nf3 f5 3. g3 Nf6 4. Bg2 Be7 5. O-O O-O 6. c4 c6 7. Nbd2 d5 8. Ne5
Nbd7 9. Nd3 Ne4 10. Qc2 Nb6 11. c5 Nxd2 12. Bxd2 Nd7 13. Nf4 Nf6 14. f3 b6 15.
b4 Qc7 16. Nd3 Ba6 17. Bf4 Qb7 18. Rfb1 Nd7 19. Ne5 Nxe5 20. Bxe5 Bc4 21. a4
Bf6 22. Bxf6 Rxf6 23. a5 b5 24. a6 Qe7 25. f4 h6 26. Qd2 Rf7 27. Ra3 g5 28.
fxg5 hxg5 29. Re3 Kg7 30. Re5 Rh8 31. Rf1 Rh6 32. Rf2 Rg6 33. Qe3 Qd7 34. h4
gxh4 35. gxh4 Kh7 36. h5 Rh6 37. Bf3 Rg7+ 38. Rg2 Rxg2+ 39. Kxg2 Qg7+ 40. Kf2
Qf6 41. Qf4 Qf7 42. Re3 Ba2 43. Qd6 Rf6 44. Ra3 Bc4 45. Qf4 Qg7 1-0

[Event "4NCL"]
[Site "De Vere, Staverton Park, ENG"]
[Date "2011.03.26"]
[Round "7.12"]
[White "Eggleston, David J"]
[Black "D'Costa, Lorin AR"]
[Result "1/2-1/2"]
[WhiteElo "2319"]
[BlackElo "2441"]
[PlyCount "115"]
[EventDate "2011.??.??"]
[WhiteTeam "Cheddleton 1"]
[BlackTeam "Barbican 4NCL 1"]

1. e4 c5 2. Nf3 d6 3. d4 cxd4 4. Nxd4 Nf6 5. Nc3 a6 6. h3 g6 7. Be3 Bg7 8. Qd2
O-O 9. Bh6 Bxh6 10. Qxh6 e5 11. Nf3 b5 12. Ng5 Bb7 13. h4 Nbd7 14. h5 Qe7 15.
a4 Nc5 16. hxg6 fxg6 17. axb5 axb5 18. Rxa8 Rxa8 19. Bxb5 Ncxe4 20. Bc4+ d5 21.
Ngxe4 Ra1+ 22. Ke2 Rxh1 23. Nxd5 Nxd5 24. Qxh1 Kg7 25. Bxd5 Bxd5 26. Nc3 Bc4+
27. Kd2 Qg5+ 28. Kd1 Qf4 29. Qe1 Qg4+ 30. Kc1 Qxg2 31. Qxe5+ Kg8 32. b3 Bf7 33.
Ne4 h5 34. Qf4 Be6 35. Kb2 Bf5 36. Ng3 Qd5 37. c4 Qe6 38. Qd4 Kf7 39. b4 Qf6
40. Qxf6+ Kxf6 41. b5 Bd7 42. Kc3 Ke5 43. Kd3 h4 44. Ne2 g5 45. f3 h3 46. Ke3
h2 47. Ng3 Be6 48. b6 Kd6 49. c5+ Kc6 50. Kf2 Bd5 51. Kg2 Kxc5 52. Kxh2 Bxf3
53. Nf5 Kxb6 54. Kg3 Bh5 55. Ng7 Be2 56. Ne6 g4 57. Nd4 Bd1 58. Nf5 1/2-1/2

[Event "4NCL"]
[Site "De Vere, Staverton Park, ENG"]
[Date "2011.03.26"]
[Round "7.12"]
[White "Cox, John J"]
[Black "Wallace, Paul A"]
[Result "1-0"]
[WhiteElo "2407"]
[BlackElo "2245"]
[PlyCount "109"]
[EventDate "2011.??.??"]
[WhiteTeam "Barbican 4NCL 1"]
[BlackTeam "Cheddleton 1"]

1. c4 e5 2. g3 Nc6 3. Nc3 g6 4. Bg2 Bg7 5. e4 d6 6. Nge2 Be6 7. d3 Qd7 8. Nd5
Nd8 9. h3 c6 10. Ndc3 Ne7 11. Be3 O-O 12. Qd2 Re8 13. f4 d5 14. cxd5 cxd5 15.
fxe5 Bxe5 16. d4 Bg7 17. e5 f6 18. exf6 Bxf6 19. O-O-O b5 20. Nf4 b4 21. Nce2
Rc8+ 22. Kb1 Bf5+ 23. Nd3 b3 24. axb3 Nec6 25. Nef4 Nxd4 26. Nxd5 Bg7 27. Bxd4
Bxd4 28. g4 Be4 29. Bxe4 Rxe4 30. N3f4 Qb5 31. Rhe1 Rxe1 32. Rxe1 Nc6 33. Ne7+
Nxe7 34. Qxd4 Nc6 35. Qc4+ Qxc4 36. bxc4 Nd4 37. Nd5 Rxc4 38. Re7 Nc6 39. Rc7
Ne5 40. Nf6+ Kf8 41. Nxh7+ Ke8 42. Rxa7 Rf4 43. Ng5 Rf2 44. Ka2 Nd3 45. Rb7 Rg2
46. Ka3 Nc5 47. Rb6 Nd3 48. b4 Nf4 49. Rf6 Rf2 50. h4 Ke7 51. Rf7+ Ke8 52. Rf6
Ke7 53. Rf7+ Ke8 54. h5 gxh5 55. gxh5 1-0